00616nam a2200121Ia 4500008004100000082002000041100002100061245011900082260004900201365000600250630011900256730011900375100415s9999 xx 000 0 und d b5870a598.1(54) aSMITH, MALCOLM A aThe Fauna of British India including Ceylon and Burma : Reptilia and Amphibia Vol. II - Sauria: FOR REFERENCE ONLY aNEW DELHIc1974bTODAY & TOMORROW'S PRINTERS b0 aThe Fauna of British India including Ceylon and Burma : Reptilia and Amphibia Vol. II - Sauria: FOR REFERENCE ONLY aThe Fauna of British India including Ceylon and Burma : Reptilia and Amphibia Vol. II - Sauria: FOR REFERENCE ONLY